A dictionary of Syrian Arabic : English-Arabic /

Bibliographic Details
Other Authors: Stowasser, Karl, Ani, Moukhtar
Format: Book
Language:English
Arabic
Published: Washington, D.C. : Georgetown University Press, 2004.
Edition:Georgetown classics ed.
Series:Georgetown classics in Arabic language and linguistics.
Subjects:

MARC

Tag First Indicator Second Indicator Subfields
LEADER 00000pam a22000004a 4500
001 in00002018413
005 20151031182346.0
008 040227r20041964nyu 000 0 eng
010 |a  2004040882 
020 |a 1589011058 (alk. paper) 
035 |a (OCoLC)ocm54543156 
040 |a DLC  |c DLC  |d TXA  |d UtOrBLW 
041 0 |a eng  |a ara 
042 |a pcc 
043 |a a-sy--- 
049 |a TXAM 
050 0 0 |a PJ6816  |b .D53 2004 
082 0 0 |a 492.7/321  |2 22 
245 0 2 |a A dictionary of Syrian Arabic :  |b English-Arabic /  |c [edited by] Karl Stowasser, Moukhtar Ani. 
250 |a Georgetown classics ed. 
264 1 |a Washington, D.C. :  |b Georgetown University Press,  |c 2004. 
300 |a xxv, 269 pages ;  |c 26 cm. 
336 |a text  |b txt  |2 rdacontent 
337 |a unmediated  |b n  |2 rdamedia 
338 |a volume  |b nc  |2 rdacarrier 
490 1 |a Georgetown classics in Arabic language and linguistics 
500 |a First published in 1964. 
650 0 |a Arabic language  |x Dialects  |z Syria  |v Dictionaries  |x English. 
700 1 |a Stowasser, Karl. 
700 1 |a Ani, Moukhtar. 
830 0 |a Georgetown classics in Arabic language and linguistics. 
948 |a cataloged  |b h  |c 2005/2/18  |d c  |e dmitchel  |f 9:50:30 am 
994 |a E0  |b TXA 
999 |a MARS 
999 f f |s 8af3c9a2-96f7-3dae-a3fc-f3faf40e6f17  |i f9d544c5-a5ba-3c23-9690-3325e5c275e6  |t 0 
952 f f |p ric  |a Texas A&M University  |b Rellis Campus  |c Joint Library Facility  |s JLF  |d Remote Storage  |t 0  |e PJ6816 .D53 2004  |h Library of Congress classification  |i unmediated -- volume  |m A14832488299 
998 f f |a PJ6816 .D53 2004  |t 0  |l Remote Storage